000 00873nam a2200229Ia 4500
001 12106
003 GE_BSU
008 181216s||||||||xx |||||||||||||| ||und||
020 _a9785951802736
040 _cGE_BSU
080 _a615.83+615.834
245 _aфизиотерапия и курортология. Кн.2
245 _bФизиотерапия и реабилитация при заболеваниях органов пищеварения, сердечно-сосудистой, дыхательной систем, эндокринной и мочеполовой систем
245 _cПод.ред. В.М.Боголюбова.
260 _aМосква
260 _bБином
260 _c2012
300 _a311стр.илл.24см.
541 _h33Gel.
653 _aфизиотерапия и курортология
942 _cBK
999 _c45282
_d45282